Every Actor to Play Blofeld - Statistics

General Stats
  • This quiz has been taken 9 times
  • The average score is 5 of 8
Answer Stats
Picture Hint Answer % Correct
Spectre/No Time to Die Christoph Waltz
100%
On Her Majesty's Secret Service Telly Savalas
100%
You Only Live Twice Donald Pleasance
86%
Never Say Never Again Max von Sydow
71%
From Russia with Love Anthony Dawson/Eric Pohlmann
43%
Thunderball Anthony Dawson/Eric Pohlmann
43%
Diamonds Are Forever Charles Gray
43%
For Your Eyes Only John Hollis/Robert Rietty
29%
No matching quizzes found
Score Distribution
Percent of People with Each Score
Percentile by Number Answered
Your Score History
You have not taken this quiz